| 000 | 00878nas a2200289 4500 | ||
|---|---|---|---|
| 001 | BR2015000326 | ||
| 003 | BR-BrBNA | ||
| 005 | 20231205124923.0 | ||
| 007 | ta | ||
| 008 | 230509b bl.|||p| |||| 00| 00por d | ||
| 040 |
_aBR-BrBNA _bpor _cBiblioteca Nacional de Agricultura |
||
| 041 | _a(En) | ||
| 072 | _aF50 | ||
| 100 | 1 | _aMelo, N.C. de | |
| 100 | 1 | _aBeijo, L.A. | |
| 100 | 1 | _aMadail, R.H. | |
| 100 | 1 | _aPolo, M. | |
| 245 | 1 | _aLeaf anatomy and chlorophyll content in Psychoria vellosiana Benth influenced by the edge and two matrices | |
| 650 | _aRUBIACEAE | ||
| 650 | _aPLANTA ORNAMENTAL | ||
| 650 | _aANATOMIA VEGETAL | ||
| 650 | _aCLOROFILA | ||
| 650 | _aMICROCLIMA | ||
| 773 | 0 |
_tRevista de Ciências Agrárias (Brazil) _xISSN 1517-591X _g(2013), v. 56(Supl.) p. 80-88 _wBR2015000326 |
|
| 909 |
_a202311 _bLúcia _c55 _dLúcia Elande |
||
| 942 |
_2AGRIS _n0 _cANA |
||
| 999 |
_c241620 _d241620 |
||